[Event "Minsk Inautomarket op"]
[Site "Minsk"]
[Date "2007.07.10"]
[Round "1"]
[White "Shaposhnikov, Evgeny"]
[Black "Remnev, Stepan"]
[Result "1-0"]
[WhiteElo "2558"]
[BlackElo "2176"]
[PlyCount "97"]
[EventDate "2007.07.10"]
[EventType "swiss"]
[EventRounds "9"]
[EventCountry "BLR"]
[SourceTitle "EXT 2008"]
[Source "ChessBase"]
[SourceDate "2007.11.25"]
[SourceVersion "1"]
[SourceVersionDate "2007.11.25"]
[SourceQuality "1"]

1. e4 c5 2. Nf3 e6 3. d3 d5 4. Qe2 Be7 5. g3 Nc6 6. Bg2 Nf6 7. 0-0 b6 8. e5 Nd7 9. c4 d4 10. Ne1 Bb7 11. f4 Qc7 12. Nd2 0-0-0 13. Ne4 h6 14. a3 Rdg8 15. b4 g5 16. b5 Na5 17. fxg5 Nb3 18. Nd6+ Bxd6 19. exd6 Qxd6 20. Bxb7+ Kxb7 21. Rxf7 hxg5 22. Rb1 Nxc1 23. Rxc1 Kb8 24. Qe4 Rf8 25. Rxf8+ Rxf8 26. Nf3 Rf5 27. Qe2 Nf6 28. Rf1 Ng4 29. Nd2 Ne3 30. Rf2 Qf8 31. Nf1 Ng4 32. Rxf5 Qxf5 33. Nd2 Ne5 34. Ne4 Kc7 35. Nf2 g4 36. Kg2 Kd7 37. a4 Ke7 38. Qd1 Kf7 39. Qe2 Kg6 40. h3 gxh3+ 41. Nxh3 Nxd3 42. Qxd3 Qxd3 43. Nf4+ Kf5 44. Nxd3 e5 45. Nxc5 bxc5 46. a5 Ke4 47. b6 Ke3 48. b7 d3 49. b8Q 1-0

[Event "Ketrzyn op 9th"]
[Site "Ketrzyn"]
[Date "2006.12.30"]
[Round "9.3"]
[White "Remnev, Stepan"]
[Black "Kempinski, Tomasz"]
[Result "0-1"]
[WhiteElo "2178"]
[BlackElo "2277"]
[PlyCount "66"]
[EventDate "2006.12.27"]
[EventType "swiss"]
[EventRounds "9"]
[EventCountry "POL"]
[SourceTitle "EXT 2023"]
[Source "ChessBase"]
[SourceDate "2022.10.05"]
[SourceVersion "1"]
[SourceVersionDate "2022.10.05"]
[SourceQuality "1"]

1. d4 Nf6 2. Nf3 g6 3. c4 Bg7 4. Nc3 0-0 5. e4 d6 6. Be2 Nbd7 7. e5 dxe5 8. dxe5 Ng4 9. e6 fxe6 10. 0-0 Nge5 11. Ng5 Nc5 12. Qc2 Nc6 13. Rd1 Nd4 14. Qd2 e5 15. Qe3 c6 16. b4 Nce6 17. Ba3 Nxg5 18. Qxg5 Rf5 19. Qg3 Qf8 20. Bd3 Rf4 21. f3 Bf6 22. Qf2 g5 23. Bc1 Rh4 24. Ne4 Qh6 25. Nxg5 Bxg5 26. Qg3 Ne6 27. Bf5 Nf4 28. Rd8+ Kf7 29. Bxf4 exf4 30. Qe1 Bxf5 31. Rxa8 Rxh2 32. Qe5 Bd3 33. Rf8+ Kxf8 0-1

[Event "Ketrzyn op 9th"]
[Site "Ketrzyn"]
[Date "2006.12.27"]
[Round "2.6"]
[White "Olszewski, Marek"]
[Black "Remnev, Stepan"]
[Result "1-0"]
[WhiteElo "2065"]
[BlackElo "2178"]
[PlyCount "81"]
[EventDate "2006.12.27"]
[EventType "swiss"]
[EventRounds "9"]
[EventCountry "POL"]
[SourceTitle "EXT 2023"]
[Source "ChessBase"]
[SourceDate "2022.10.05"]
[SourceVersion "1"]
[SourceVersionDate "2022.10.05"]
[SourceQuality "1"]

1. e4 c5 2. Nf3 e6 3. c4 Nc6 4. d4 cxd4 5. Nxd4 Nf6 6. Nc3 Bb4 7. Nxc6 bxc6 8. Bd3 e5 9. 0-0 0-0 10. Qf3 Re8 11. a3 Be7 12. b4 d6 13. h3 Be6 14. Rd1 Qc7 15. Bb2 Nd7 16. Rac1 Qb7 17. Rb1 f6 18. Rdc1 Nb6 19. Qe2 Kh8 20. b5 cxb5 21. cxb5 Rac8 22. a4 Nc4 23. Nd1 Nxb2 24. Qxb2 d5 25. exd5 Qxd5 26. Bf1 Bc5 27. Bc4 Qd6 28. Bxe6 Qxe6 29. Ne3 Bxe3 30. fxe3 Qb6 31. Qb3 f5 32. Kh1 h6 33. Rxc8 Rxc8 34. Rf1 Rf8 35. Qc3 e4 36. Rxf5 Rd8 37. Qc5 Rd1+ 38. Kh2 Qg6 39. Rf8+ Kh7 40. Qf5 Ra1 41. Rh8+ 1-0

[Event "Dnipropetrovsk Sinitsin Memorial 3rd"]
[Site "Dnipropetrovsk"]
[Date "2004.04.24"]
[Round "4"]
[White "Kovalenko, Oleg"]
[Black "Remnev, Stepan"]
[Result "0-1"]
[WhiteElo "2173"]
[BlackElo "2090"]
[PlyCount "50"]
[EventDate "2004.04.22"]
[EventType "swiss"]
[EventRounds "9"]
[EventCountry "UKR"]
[SourceTitle "EXT 2008"]
[Source "ChessBase"]
[SourceDate "2007.11.25"]
[SourceVersion "1"]
[SourceVersionDate "2007.11.25"]
[SourceQuality "1"]

1. e4 c5 2. c3 d5 3. exd5 Qxd5 4. d4 Nf6 5. Nf3 e6 6. Be2 Nc6 7. 0-0 cxd4 8. cxd4 Be7 9. Nc3 Qd6 10. Nb5 Qd8 11. Bf4 Nd5 12. Bg3 a6 13. Qa4 axb5 14. Qxa8 Nb6 15. Qxc8 Nxc8 16. Bxb5 0-0 17. Rfd1 Nb4 18. Ne5 Qa5 19. a4 Nd6 20. Be2 Rc8 21. Bf3 Nd5 22. Nd3 Nf5 23. Rac1 Rxc1 24. Rxc1 Qd2 25. Rd1 Qc2 0-1